A guide to the project management body of knowledge: PMBOK guide (Record no. 8676)
[ view plain ]
| 000 -LEADER | |
|---|---|
| fixed length control field | 00690 a2200217 4500 |
| 020 ## - INTERNATIONAL STANDARD BOOK NUMBER | |
| International Standard Book Number | 1-880410-23-0 |
| 020 ## - INTERNATIONAL STANDARD BOOK NUMBER | |
| International Standard Book Number | 1-880410-22-2 |
| 040 ## - CATALOGING SOURCE | |
| Original cataloging agency | DLC |
| 082 0# - DEWEY DECIMAL CLASSIFICATION NUMBER | |
| Classification number | 658.404 |
| 245 02 - TITLE STATEMENT | |
| Title | A guide to the project management body of knowledge: PMBOK guide |
| Statement of responsibility, etc. | PMI Standards committee |
| 250 ## - EDITION STATEMENT | |
| Edition statement | 2000 ed. |
| 260 ## - PUBLICATION, DISTRIBUTION, ETC. | |
| Place of publication, distribution, etc. | Newton Square, Pa. : |
| Name of publisher, distributor, etc. | Project Management Institute, |
| Date of publication, distribution, etc. | cop. 2000 |
| 300 ## - PHYSICAL DESCRIPTION | |
| Extent | 216 s. |
| 500 ## - GENERAL NOTE | |
| General note | PMBOK = Project management body of knowledge |
| 650 #0 - SUBJECT ADDED ENTRY--TOPICAL TERM | |
| Topical term or geographic name entry element | Industrial project management |
| 650 #0 - SUBJECT ADDED ENTRY--TOPICAL TERM | |
| Topical term or geographic name entry element | Project management |
| 710 2# - ADDED ENTRY--CORPORATE NAME | |
| Corporate name or jurisdiction name as entry element | PMI Standards Committee |
| 740 0# - ADDED ENTRY--UNCONTROLLED RELATED/ANALYTICAL TITLE | |
| Uncontrolled related/analytical title | Project management body of knowledge |
| 740 0# - ADDED ENTRY--UNCONTROLLED RELATED/ANALYTICAL TITLE | |
| Uncontrolled related/analytical title | PMBOK guide |
| 942 ## - ADDED ENTRY ELEMENTS (KOHA) | |
| Koha item type | Book |
| Call number prefix | 658.404 IMP |
| Source of classification or shelving scheme | |
| Withdrawn status | Lost status | Damaged status | Not for loan | Collection code | Permanent Location | Current Location | Shelving location | Date acquired | Source of acquisition | Total Checkouts | Total Renewals | Full call number | Barcode | Date last seen | Date last checked out | Price effective from | Koha item type |
|---|---|---|---|---|---|---|---|---|---|---|---|---|---|---|---|---|---|
| Central Library (CL) | Central Library (CL) | General Stacks | 11/25/2002 | Photocopy | 3 | 1 | 658.404 IMP | SEECS002788 | 03/11/2026 | 02/24/2020 | 01/05/2017 | Book |
